[Event "LSS SE-2010-0-00056"]
[Site "LSS email"]
[Date "2010.11.01"]
[Round "?"]
[White "De Booy, Marco"]
[Black "Weiner, Milan"]
[Result "1/2-1/2"]
[WhiteElo "1043"]
[BlackElo "1286"]
[PlyCount "61"]
[EventDate "2010.08.01"]
[EventType "tourn (corr)"]
[EventRounds "6"]
[EventCountry "GER"]
[SourceTitle "Telechess CBM 143"]
[Source "ChessBase"]
[SourceDate "2011.07.15"]
[SourceVersion "1"]
[SourceVersionDate "2011.07.15"]
[SourceQuality "1"]

1. e4 e6 2. d4 d5 3. exd5 exd5 4. Bd3 Nc6 5. Nf3 Bg4 6. c3 Bd6 7. h3 Bh5 8. 0-0 Nge7 9. Bg5 Qd7 10. Nbd2 Bg6 11. Bb5 f6 12. Bh4 0-0 13. Bg3 Bxg3 14. fxg3 a6 15. Ba4 b5 16. Bc2 Bxc2 17. Qxc2 Nf5 18. Qd3 Nxg3 19. Rfe1 Nf5 20. Nb3 Nd6 21. Nc5 Qf5 22. Qd1 Ne4 23. Nd3 Rae8 24. Rf1 Ng3 25. Rf2 Qe4 26. Nc5 Qe3 27. Qe1 Ne2+ 28. Kf1 Ng3+ 29. Kg1 Ne2+ 30. Kf1 Ng3+ 31. Kg1 1/2-1/2

[Event "LSS RE-2010-0-00043"]
[Site "LSS email"]
[Date "2010.09.09"]
[Round "?"]
[White "Molano Lafuente, Ismael"]
[Black "Weiner, Milan"]
[Result "1-0"]
[WhiteElo "1236"]
[BlackElo "1297"]
[PlyCount "89"]
[EventDate "2010.04.17"]
[EventType "tourn (corr)"]
[EventRounds "6"]
[EventCountry "GER"]
[SourceTitle "Telechess CBM 141"]
[Source "ChessBase"]
[SourceDate "2011.03.17"]
[SourceVersion "1"]
[SourceVersionDate "2011.03.17"]
[SourceQuality "1"]

1. b3 e5 2. Bb2 Nc6 3. e3 d5 4. Bb5 Bd6 5. f4 Qe7 6. Nf3 Bg4 7. 0-0 Nf6 8. fxe5 Bxf3 9. exd6 Bxd1 10. dxe7 Bxc2 11. Bxf6 gxf6 12. Bxc6+ bxc6 13. Rxf6 Kxe7 14. Rxc6 Bxb1 15. Rxb1 Rac8 16. Rbc1 Kd7 17. Ra6 Ra8 18. Rc5 d4 19. Rd5+ Ke7 20. Rxd4 Rhd8 21. Rxd8 Rxd8 22. Rxa7 Rxd2 23. Rxc7+ Ke6 24. a4 Rd3 25. b4 Rxe3 26. a5 Ra3 27. Kf2 Ra4 28. Rb7 h5 29. Rb6+ Kd5 30. a6 Ke4 31. b5 f5 32. Kg3 Ke3 33. Rh6 f4+ 34. Kh3 Kf2 35. Rxh5 Ra3+ 36. Kg4 Kxg2 37. Kxf4 Ra4+ 38. Ke5 Kf3 39. Kd6 Kg4 40. Rc5 Kh3 41. Rc2 Kg4 42. Kc7 Kf5 43. Kb7 Rh4 44. a7 Rh7+ 45. Rc7 1-0

[Event "LSS SD-2010-0-00064"]
[Site "LSS email"]
[Date "2010.07.25"]
[Round "?"]
[White "Metz, Larry R"]
[Black "Weiner, Milan"]
[Result "1-0"]
[WhiteElo "1502"]
[BlackElo "1310"]
[PlyCount "65"]
[EventDate "2010.06.18"]
[EventType "tourn (corr)"]
[EventRounds "6"]
[EventCountry "GER"]
[SourceTitle "Telechess CBM 143"]
[Source "ChessBase"]
[SourceDate "2011.07.15"]
[SourceVersion "1"]
[SourceVersionDate "2011.07.15"]
[SourceQuality "1"]

1. d4 Nf6 2. c4 g6 3. Nc3 Bg7 4. Nf3 d5 5. cxd5 Nxd5 6. e4 Nxc3 7. bxc3 c5 8. Bb5+ Bd7 9. Bxd7+ Nxd7 10. 0-0 cxd4 11. cxd4 0-0 12. Bf4 Rc8 13. Qa4 a6 14. Rab1 e5 15. Rxb7 Nb6 16. Qxa6 exf4 17. Qxb6 Qxb6 18. Rxb6 Ra8 19. Rb2 Ra4 20. e5 Rfa8 21. Ra1 Bf8 22. Kf1 Bb4 23. Rd1 Bc3 24. Rc2 Bb4 25. Rb1 Bf8 26. Rbb2 Ba3 27. Rb7 Bf8 28. Rcc7 Rxa2 29. g3 fxg3 30. hxg3 R2a3 31. Rxf7 Rc3 32. Ng5 h6 33. Nh7 1-0

[Event "LSS SD-2010-0-00060"]
[Site "LSS email"]
[Date "2010.06.19"]
[Round "?"]
[White "Thurrott, Allan"]
[Black "Weiner, Milan"]
[Result "1-0"]
[WhiteElo "1528"]
[BlackElo "1383"]
[PlyCount "51"]
[EventDate "2010.05.05"]
[EventType "tourn (corr)"]
[EventRounds "6"]
[EventCountry "GER"]
[SourceTitle "Telechess CBM 141"]
[Source "ChessBase"]
[SourceDate "2011.03.17"]
[SourceVersion "1"]
[SourceVersionDate "2011.03.17"]
[SourceQuality "1"]

1. e4 c5 2. Nf3 Nc6 3. d4 cxd4 4. Nxd4 Nf6 5. Nc3 e5 6. Ndb5 d6 7. Bg5 a6 8. Na3 b5 9. Nd5 Be6 10. Bxf6 gxf6 11. c3 f5 12. exf5 Bxf5 13. Qf3 Be6 14. Nf6+ Ke7 15. Bd3 Rc8 16. Be4 Qc7 17. Nh5 Kd7 18. 0-0 Be7 19. Nc2 Rcg8 20. Ne3 Nd8 21. a4 Rg5 22. axb5 axb5 23. Nf6+ Bxf6 24. Qxf6 Rgg8 25. Ra6 h5 26. Rfa1 1-0

[Event "OP-2010-0-01166"]
[Site "LSS email"]
[Date "2010.05.21"]
[Round "?"]
[White "Vasquez, Gerardo"]
[Black "Weiner, Milan"]
[Result "1-0"]
[WhiteElo "1240"]
[BlackElo "1419"]
[PlyCount "51"]
[EventDate "2010.05.16"]
[EventType "tourn (corr)"]
[EventRounds "4"]
[EventCountry "GER"]
[SourceTitle "Telechess CBM 141"]
[Source "ChessBase"]
[SourceDate "2011.03.17"]
[SourceVersion "1"]
[SourceVersionDate "2011.03.17"]
[SourceQuality "1"]

1. e4 e6 2. Nc3 d5 3. d4 Bb4 4. a3 Bxc3+ 5. bxc3 dxe4 6. Qg4 Nf6 7. Qxg7 Rg8 8. Qh6 Rg6 9. Qe3 Bd7 10. Rb1 Bc6 11. Ne2 Nbd7 12. c4 b6 13. h3 Qe7 14. Qc3 e5 15. d5 Ba4 16. Be3 a5 17. Ng3 Nc5 18. Nf5 Qf8 19. Qxe5+ Kd7 20. Nh4 Qg7 21. Be2 Re8 22. Qc3 Rxg2 23. Nxg2 Qxg2 24. Kd2 Qg6 25. Rbg1 Qf5 26. Rg5 1-0

[Event "OP-2010-0-01138"]
[Site "LSS email"]
[Date "2010.04.16"]
[Round "?"]
[White "Weiner, Milan"]
[Black "Hrubaru, Mircea"]
[Result "0-1"]
[WhiteElo "1400"]
[BlackElo "2060"]
[PlyCount "82"]
[EventDate "2010.04.11"]
[EventType "tourn (corr)"]
[EventRounds "4"]
[EventCountry "GER"]
[SourceTitle "Telechess CBM 141"]
[Source "ChessBase"]
[SourceDate "2011.03.17"]
[SourceVersion "1"]
[SourceVersionDate "2011.03.17"]
[SourceQuality "1"]

1. e4 c5 2. Nf3 d6 3. d4 cxd4 4. Nxd4 Nf6 5. Nc3 g6 6. Be2 Bg7 7. Be3 0-0 8. 0-0 Nc6 9. Qd2 d5 10. exd5 Nxd5 11. Nxd5 Nxd4 12. Bxd4 Qxd5 13. c3 Bxd4 14. Qxd4 Qxd4 15. cxd4 Be6 16. b3 Rfd8 17. Rfd1 Rac8 18. Bf3 Bd5 19. Be2 Rc2 20. Bd3 Rb2 21. f3 a6 22. Kf1 Bc6 23. Bc4 e6 24. Be2 Kg7 25. Ke1 Kf6 26. Rd2 Rxd2 27. Kxd2 Rxd4+ 28. Ke3 e5 29. Rc1 Ke7 30. Rc3 Kd6 31. a3 f5 32. g3 g5 33. Rd3 Bb5 34. Rxd4+ exd4+ 35. Kd2 Bxe2 36. Kxe2 Ke5 37. Kd3 h5 38. a4 f4 39. g4 hxg4 40. fxg4 f3 41. h3 a5 0-1

[Event "LSS RD-2009-0-00030"]
[Site "LSS email"]
[Date "2010.04.06"]
[Round "?"]
[White "Latib, Yunus"]
[Black "Weiner, Milan"]
[Result "1-0"]
[WhiteElo "1568"]
[BlackElo "1504"]
[PlyCount "73"]
[EventDate "2009.09.17"]
[EventType "tourn (corr)"]
[EventRounds "6"]
[EventCountry "GER"]
[SourceTitle "Telechess CBM 141"]
[Source "ChessBase"]
[SourceDate "2011.03.17"]
[SourceVersion "1"]
[SourceVersionDate "2011.03.17"]
[SourceQuality "1"]

1. e4 c5 2. Na3 d6 3. c3 Nf6 4. g3 Nc6 5. Bg2 e5 6. Qe2 Bg4 7. Nf3 Be7 8. Nc4 Qd7 9. d3 0-0 10. Ne3 Bh3 11. 0-0 Bxg2 12. Kxg2 Rfe8 13. Nf5 Bf8 14. Bg5 Re6 15. Bxf6 Rxf6 16. Ne3 Rh6 17. h4 Ne7 18. d4 exd4 19. cxd4 f5 20. dxc5 fxe4 21. Ng5 d5 22. Rad1 Qc6 23. Ng4 Rd8 24. Nf7 Kxf7 25. Ne5+ Kg8 26. Nxc6 bxc6 27. f3 Re6 28. fxe4 Ng6 29. h5 Ne5 30. exd5 cxd5 31. c6 Rde8 32. c7 Bd6 33. Rc1 Bxc7 34. Rxc7 d4 35. Qe4 d3 36. h6 Rxh6 37. Qxe5 1-0

[Event "LSS RD-2009-0-00030"]
[Site "LSS email"]
[Date "2010.04.06"]
[Round "?"]
[White "Neumann, Ulrich"]
[Black "Weiner, Milan"]
[Result "1-0"]
[WhiteElo "1526"]
[BlackElo "1492"]
[PlyCount "57"]
[EventDate "2009.09.17"]
[EventType "tourn (corr)"]
[EventRounds "6"]
[EventCountry "GER"]
[SourceTitle "Telechess CBM 141"]
[Source "ChessBase"]
[SourceDate "2011.03.17"]
[SourceVersion "1"]
[SourceVersionDate "2011.03.17"]
[SourceQuality "1"]

1. Nf3 Nf6 2. g3 g6 3. Bg2 Bg7 4. 0-0 0-0 5. d3 d5 6. Nbd2 c5 7. Re1 Nc6 8. e4 dxe4 9. Nxe4 Nxe4 10. Rxe4 e5 11. c3 Bf5 12. Re3 c4 13. Ne1 cxd3 14. Nxd3 Bh6 15. Re1 Bxc1 16. Nxc1 Qb6 17. Nb3 Rad8 18. Qe2 Bd3 19. Qe3 Qxe3 20. Rxe3 Rfe8 21. Nc5 e4 22. Rae1 Bc4 23. b3 b6 24. Nxe4 Rxe4 25. Rxe4 Bd5 26. Re8+ Kg7 27. Rxd8 Bxg2 28. Rd6 Bf3 29. Re3 1-0

[Event "LSS RD-2009-0-00030"]
[Site "LSS email"]
[Date "2010.04.06"]
[Round "?"]
[White "Weiner, Milan"]
[Black "Zonneveld, Will"]
[Result "0-1"]
[WhiteElo "1455"]
[BlackElo "1535"]
[PlyCount "102"]
[EventDate "2009.09.17"]
[EventType "tourn (corr)"]
[EventRounds "6"]
[EventCountry "GER"]
[SourceTitle "Telechess CBM 141"]
[Source "ChessBase"]
[SourceDate "2011.03.17"]
[SourceVersion "1"]
[SourceVersionDate "2011.03.17"]
[SourceQuality "1"]

1. e4 e6 2. d4 d5 3. Nc3 Bb4 4. e5 c5 5. a3 Bxc3+ 6. bxc3 Ne7 7. Qg4 0-0 8. Bd3 f5 9. exf6 Rxf6 10. Qh4 Nf5 11. Bxf5 exf5 12. Ne2 Qe8 13. Be3 cxd4 14. cxd4 Nc6 15. 0-0 Qe4 16. Qxe4 fxe4 17. Rab1 b6 18. Nf4 Ne7 19. Rfc1 Ba6 20. Rb4 Bc4 21. Rcb1 Nc6 22. R4b2 Nxd4 23. Bxd4 Rxf4 24. c3 Rf7 25. Re1 Kf8 26. Re3 Ke7 27. Rg3 Rg8 28. Rb4 Kd6 29. h3 g5 30. h4 g4 31. Re3 b5 32. g3 h5 33. Re1 a5 34. Rb2 Ra8 35. Reb1 Rb8 36. Kg2 Ke6 37. Be3 Bd3 38. Rc1 Rc7 39. Bf4 Rbc8 40. Bxc7 Rxc7 41. Kg1 d4 42. Rb3 a4 43. Rb4 dxc3 44. Kg2 Kd5 45. Kg1 c2 46. Rb2 Rc3 47. Ra2 Kc4 48. Kg2 Kb3 49. Raa1 Kb2 50. f4 Rxa3 51. f5 Rxa1 0-1

[Event "ZI-2010-0-00686"]
[Site "LSS email"]
[Date "2010.03.20"]
[Round "?"]
[White "Weiner, Milan"]
[Black "Jenneborg, Seved"]
[Result "0-1"]
[WhiteElo "1587"]
[BlackElo "1600"]
[PlyCount "44"]
[EventDate "2010.03.14"]
[EventType "match (corr)"]
[EventRounds "2"]
[EventCountry "GER"]
[SourceTitle "Corr 2013"]
[Source "ChessBase"]
[SourceDate "2012.11.12"]
[SourceVersion "1"]
[SourceVersionDate "2012.11.12"]
[SourceQuality "1"]

1. e4 e5 2. Nf3 Nc6 3. Bb5 a6 4. Ba4 Nf6 5. 0-0 Be7 6. Re1 b5 7. Bb3 d6 8. c3 0-0 9. d4 Bg4 10. Be3 exd4 11. cxd4 Na5 12. Bc2 c5 13. Nbd2 Nc6 14. Qb1 Qc7 15. dxc5 dxc5 16. h3 Bh5 17. Bg5 Ne5 18. Nxe5 Qxe5 19. f4 Qd4+ 20. Kh1 Qxd2 21. g4 Bxg4 22. hxg4 Nxg4 0-1

[Event "ZI-2010-0-00685"]
[Site "LSS email"]
[Date "2010.03.20"]
[Round "?"]
[White "Weiner, Milan"]
[Black "Wimmer, Jaroslav"]
[Result "0-1"]
[WhiteElo "1557"]
[BlackElo "1853"]
[PlyCount "52"]
[EventDate "2010.03.14"]
[EventType "match (corr)"]
[EventRounds "2"]
[EventCountry "GER"]
[SourceTitle "Corr 2013"]
[Source "ChessBase"]
[SourceDate "2012.11.12"]
[SourceVersion "1"]
[SourceVersionDate "2012.11.12"]
[SourceQuality "1"]

1. c4 e6 2. Nc3 d5 3. d4 Nf6 4. Nf3 c6 5. Bg5 Nbd7 6. e4 h6 7. Bxf6 Nxf6 8. e5 Ne4 9. Qc2 Nxc3 10. bxc3 Be7 11. Rb1 0-0 12. Bd3 Qc7 13. 0-0 b6 14. cxd5 cxd5 15. Nd2 Bd7 16. c4 Rac8 17. Rfc1 Ba3 18. Rd1 Bc6 19. Rb3 Ba4 20. Rxa3 Bxc2 21. Bxc2 dxc4 22. Ne4 Rfd8 23. Rc3 b5 24. a3 Qa5 25. Rg3 Rxd4 26. Rxd4 Qe1# 0-1

[Event "ZI-2010-0-00685"]
[Site "LSS email"]
[Date "2010.03.20"]
[Round "?"]
[White "Wimmer, Jaroslav"]
[Black "Weiner, Milan"]
[Result "1-0"]
[WhiteElo "1853"]
[BlackElo "1541"]
[PlyCount "53"]
[EventDate "2010.03.14"]
[EventType "match (corr)"]
[EventRounds "2"]
[EventCountry "GER"]
[SourceTitle "Corr 2013"]
[Source "ChessBase"]
[SourceDate "2012.11.12"]
[SourceVersion "1"]
[SourceVersionDate "2012.11.12"]
[SourceQuality "1"]

1. d4 d5 2. Nf3 e6 3. c4 Nf6 4. Nc3 Bb4 5. Bg5 c6 6. Qc2 Nbd7 7. cxd5 exd5 8. e3 Qa5 9. Bd3 h6 10. Bh4 0-0 11. 0-0 Re8 12. Rfc1 Bxc3 13. bxc3 Ne4 14. c4 g5 15. cxd5 cxd5 16. Bg3 Ndf6 17. Bc7 Qa3 18. Rab1 Re6 19. Ne5 Qe7 20. Ba5 Nd7 21. Bb4 Qf6 22. Qxc8+ Rxc8 23. Rxc8+ Kh7 24. Bxe4+ dxe4 25. Nxd7 Qf5 26. Rc5 Qg6 27. Nf8+ 1-0

[Event "OP-2010-0-01116"]
[Site "LSS email"]
[Date "2010.03.19"]
[Round "?"]
[White "Zalascek, Vlado"]
[Black "Weiner, Milan"]
[Result "1/2-1/2"]
[WhiteElo "955"]
[BlackElo "1547"]
[PlyCount "77"]
[EventDate "2010.03.14"]
[EventType "tourn (corr)"]
[EventRounds "4"]
[EventCountry "GER"]
[SourceTitle "Corr 2013"]
[Source "ChessBase"]
[SourceDate "2012.11.12"]
[SourceVersion "1"]
[SourceVersionDate "2012.11.12"]
[SourceQuality "1"]

1. e4 c5 2. Qf3 Nc6 3. c3 d6 4. Bb5 Bd7 5. d3 e5 6. Ne2 Nf6 7. h3 a6 8. Bxc6 Bxc6 9. Bg5 Be7 10. 0-0 0-0 11. Nd2 h6 12. Be3 d5 13. Qg3 dxe4 14. dxe4 Nxe4 15. Nxe4 Bxe4 16. Qxe5 Bd3 17. Rfe1 Bxe2 18. Rxe2 Bd6 19. Qh5 Qc7 20. Qg4 f5 21. Qc4+ Kh8 22. b4 cxb4 23. Qxc7 Bxc7 24. cxb4 Rae8 25. Rae1 Bd6 26. a3 f4 27. Bd4 Rxe2 28. Rxe2 f3 29. Re6 Rd8 30. Bb6 Rd7 31. gxf3 Bf4 32. Be3 Rd1+ 33. Kg2 Bxe3 34. Rxe3 Rd7 35. Kg3 Kh7 36. f4 Kg6 37. f3 Kf5 38. Re5+ Kf6 39. Re3 1/2-1/2

[Event "ZI-2010-0-00637"]
[Site "LSS email"]
[Date "2010.01.31"]
[Round "?"]
[White "Jenneborg, Seved"]
[Black "Weiner, Milan"]
[Result "1-0"]
[WhiteElo "1578"]
[BlackElo "1627"]
[PlyCount "55"]
[EventDate "2010.01.29"]
[EventType "match (corr)"]
[EventRounds "2"]
[EventCountry "GER"]
[SourceTitle "Corr 2013"]
[Source "ChessBase"]
[SourceDate "2012.11.12"]
[SourceVersion "1"]
[SourceVersionDate "2012.11.12"]
[SourceQuality "1"]

1. d4 Nf6 2. c4 e6 3. Nf3 Bb4+ 4. Bd2 a5 5. g3 0-0 6. Bg2 d5 7. a3 Bxd2+ 8. Nfxd2 Nc6 9. e3 Bd7 10. Nc3 Ne7 11. 0-0 c6 12. e4 Qb6 13. e5 Ne8 14. Ne2 dxc4 15. Nxc4 Qa6 16. Qc2 f5 17. exf6 gxf6 18. b3 Nd5 19. Rfd1 b5 20. Nb2 Nd6 21. Nd3 Nb7 22. Nef4 Rac8 23. Bh3 Nxf4 24. Nxf4 c5 25. Qe2 Rfe8 26. dxc5 Nxc5 27. b4 Nb3 28. Rxd7 1-0

[Event "OP-2010-0-01044"]
[Site "LSS email"]
[Date "2010.01.11"]
[Round "?"]
[White "Simal Moreira, Leonardo"]
[Black "Weiner, Milan"]
[Result "1-0"]
[WhiteElo "2163"]
[BlackElo "1679"]
[PlyCount "33"]
[EventDate "2010.01.05"]
[EventType "tourn (corr)"]
[EventRounds "4"]
[EventCountry "GER"]
[SourceTitle "Corr 2013"]
[Source "ChessBase"]
[SourceDate "2012.11.12"]
[SourceVersion "1"]
[SourceVersionDate "2012.11.12"]
[SourceQuality "1"]

1. d4 d5 2. c4 e6 3. Nc3 Bb4 4. e3 c5 5. a3 Bxc3+ 6. bxc3 cxd4 7. cxd4 Nf6 8. cxd5 Nxd5 9. e4 Nf6 10. Bd3 Nc6 11. Nf3 0-0 12. e5 Nd5 13. Bxh7+ Kxh7 14. Ng5+ Kg6 15. h4 Qa5+ 16. Bd2 Nc3 17. h5+ 1-0

[Event "LSS SB-2009-0-00074"]
[Site "LSS email"]
[Date "2009.12.23"]
[Round "?"]
[White "Weiner, Milan"]
[Black "Wicklund Hansen, Gunnar"]
[Result "0-1"]
[WhiteElo "1270"]
[BlackElo "1843"]
[PlyCount "72"]
[EventDate "2009.11.28"]
[EventType "tourn (corr)"]
[EventRounds "6"]
[EventCountry "GER"]
[SourceTitle "Corr 2013"]
[Source "ChessBase"]
[SourceDate "2012.11.12"]
[SourceVersion "1"]
[SourceVersionDate "2012.11.12"]
[SourceQuality "1"]
[WhiteTeam "US of America"]
[BlackTeam "US of America"]
[WhiteTeamCountry "USA"]
[BlackTeamCountry "USA"]

1. e4 e6 2. d4 d5 3. Nc3 Nf6 4. Bg5 dxe4 5. Nxe4 Be7 6. Bxf6 Bxf6 7. Nf3 Nd7 8. Bc4 Nb6 9. Bb3 0-0 10. 0-0 Bd7 11. Nxf6+ Qxf6 12. Ne5 c5 13. dxc5 Qxe5 14. cxb6 Bc6 15. c3 Qg5 16. f3 Rfd8 17. Qe1 axb6 18. Rd1 Rxd1 19. Qxd1 Rd8 20. Qc1 Qc5+ 21. Kh1 h6 22. Rd1 Rxd1+ 23. Qxd1 Qf2 24. Bc2 g6 25. c4 b5 26. b3 bxc4 27. bxc4 e5 28. h3 h5 29. Bb3 e4 30. fxe4 Bxe4 31. Qg1 Qe2 32. Kh2 b6 33. Kg3 Bc6 34. Qxb6 Qxg2+ 35. Kf4 Qe4+ 36. Kg5 Qe5+ 0-1

[Event "LSS OP-2009-0-01029"]
[Site "LSS email"]
[Date "2009.12.22"]
[Round "?"]
[White "Laine, Jari"]
[Black "Weiner, Milan"]
[Result "1-0"]
[WhiteElo "1670"]
[BlackElo "1627"]
[PlyCount "59"]
[EventDate "2009.12.17"]
[EventType "tourn (corr)"]
[EventRounds "4"]
[EventCountry "GER"]
[SourceTitle "Corr 2013"]
[Source "ChessBase"]
[SourceDate "2012.11.12"]
[SourceVersion "1"]
[SourceVersionDate "2012.11.12"]
[SourceQuality "1"]

1. e4 c5 2. c3 d5 3. exd5 Qxd5 4. d4 Nf6 5. Nf3 Nc6 6. Be3 Bg4 7. Be2 e6 8. dxc5 Qxd1+ 9. Bxd1 Ne4 10. b4 Be7 11. h3 Bh5 12. 0-0 0-0 13. Nd4 Bxd1 14. Rxd1 Rfd8 15. f3 Nxc5 16. bxc5 e5 17. Na3 exd4 18. cxd4 Bf6 19. Nb5 a6 20. Nd6 b6 21. Ne4 Bxd4 22. Bxd4 Rxd4 23. Rxd4 Nxd4 24. cxb6 Rb8 25. Rb1 Nb5 26. a4 Na3 27. Rc1 f5 28. b7 Rxb7 29. Rc8+ Kf7 30. Nd6+ 1-0

[Event "LSS SB-2009-0-00074"]
[Site "LSS email"]
[Date "2009.12.22"]
[Round "?"]
[White "Perez, Giorgio"]
[Black "Weiner, Milan"]
[Result "1-0"]
[WhiteElo "1863"]
[BlackElo "2407"]
[PlyCount "59"]
[EventDate "2009.11.28"]
[EventType "tourn (corr)"]
[EventRounds "6"]
[EventCountry "GER"]
[SourceTitle "Telechess CBM 137"]
[Source "ChessBase"]
[SourceDate "2010.07.15"]
[SourceVersion "1"]
[SourceVersionDate "2010.07.15"]
[SourceQuality "1"]

1. e4 e6 2. d4 d5 3. Nd2 Nf6 4. e5 Nfd7 5. Bd3 c5 6. c3 Nc6 7. Ne2 Qb6 8. Nf3 c4 9. Bc2 Qc7 10. Be3 b5 11. 0-0 Be7 12. Ng3 Bb7 13. Ng5 Bxg5 14. Bxg5 h6 15. Be3 a5 16. Qg4 g6 17. Bxg6 fxg6 18. Qxg6+ Kd8 19. Qxe6 Ne7 20. f4 Ra6 21. Qh3 Bc8 22. f5 Nxe5 23. dxe5 Qxe5 24. Bd4 Qxd4+ 25. cxd4 Rf6 26. Rae1 Rhf8 27. Nh5 Rxf5 28. Rxf5 Nxf5 29. Qa3 Rf7 30. Qxa5+ 1-0

[Event "LSS OP-2009-0-00980"]
[Site "LSS email"]
[Date "2009.10.27"]
[Round "?"]
[White "Eberth, Zoltan"]
[Black "Weiner, Milan"]
[Result "1-0"]
[WhiteElo "2200"]
[BlackElo "1808"]
[PlyCount "57"]
[EventDate "2009.10.22"]
[EventType "tourn (corr)"]
[EventRounds "4"]
[EventCountry "GER"]
[SourceTitle "Telechess CBM 137"]
[Source "ChessBase"]
[SourceDate "2010.07.15"]
[SourceVersion "1"]
[SourceVersionDate "2010.07.15"]
[SourceQuality "1"]

1. e4 c5 2. Nf3 Nc6 3. d4 cxd4 4. Nxd4 Nf6 5. Nc3 g6 6. Nxc6 bxc6 7. e5 Ng8 8. Bc4 Bg7 9. Qf3 f5 10. Bxg8 Rxg8 11. Bf4 Qa5 12. 0-0 Bxe5 13. b4 Qc7 14. Bxe5 Qxe5 15. Rfe1 Qf6 16. Nd5 Qd6 17. Nxe7 Qxe7 18. Rxe7+ Kxe7 19. Re1+ Kd8 20. Qe3 Ba6 21. Qd4 Kc7 22. Re7 Rgd8 23. a4 Bb7 24. b5 cxb5 25. Qc5+ Kb8 26. Qd6+ Kc8 27. axb5 Be4 28. f3 Bb7 29. Re5 1-0

[Event "LSS OP-2009-0-00949"]
[Site "LSS email"]
[Date "2009.09.25"]
[Round "?"]
[White "Weiner, Milan"]
[Black "Van Dijk, Arnold"]
[Result "1-0"]
[WhiteElo "2407"]
[BlackElo "1445"]
[PlyCount "55"]
[EventDate "2009.09.19"]
[EventType "tourn (corr)"]
[EventRounds "4"]
[EventCountry "GER"]
[SourceTitle "Telechess CBM 137"]
[Source "ChessBase"]
[SourceDate "2010.07.15"]
[SourceVersion "1"]
[SourceVersionDate "2010.07.15"]
[SourceQuality "1"]

1. e4 c5 2. Nf3 Nc6 3. d4 cxd4 4. Nxd4 e6 5. Be3 Qc7 6. Be2 Nxd4 7. Bxd4 e5 8. Bc3 Nf6 9. Nd2 Bc5 10. 0-0 0-0 11. Kh1 d5 12. exd5 Nxd5 13. Ne4 Nxc3 14. Nxc3 Be6 15. Qd3 Rad8 16. Qg3 a6 17. Ne4 Be7 18. Qc3 Qxc3 19. Nxc3 f5 20. Rfd1 Rxd1+ 21. Rxd1 Rc8 22. g3 Bb4 23. Nd5 Rxc2 24. Nxb4 Rxe2 25. Rd6 Kf7 26. Rb6 a5 27. Nd3 Bc4 28. Nc5 1-0

[Event "LSS OP-2009-0-00948"]
[Site "LSS email"]
[Date "2009.09.24"]
[Round "?"]
[White "Ferluga, Sergio"]
[Black "Weiner, Milan"]
[Result "1-0"]
[WhiteElo "800"]
[BlackElo "2407"]
[PlyCount "63"]
[EventDate "2009.09.18"]
[EventType "tourn (corr)"]
[EventRounds "4"]
[EventCountry "GER"]
[SourceTitle "Telechess CBM 137"]
[Source "ChessBase"]
[SourceDate "2010.07.15"]
[SourceVersion "1"]
[SourceVersionDate "2010.07.15"]
[SourceQuality "1"]

1. e4 e5 2. Nf3 Nc6 3. Bb5 a6 4. Ba4 Nf6 5. 0-0 Be7 6. Nxe5 Nxe5 7. d4 Nc4 8. e5 Nd5 9. b3 Ncb6 10. c4 Nxa4 11. cxd5 Nb6 12. Qg4 Kf8 13. Qf3 Kg8 14. a4 d6 15. a5 Nd7 16. e6 Nf6 17. Re1 Qe8 18. Nc3 c6 19. dxc6 bxc6 20. exf7+ Kxf7 21. Bg5 Be6 22. Bxf6 Bxf6 23. Ne4 Qd7 24. Ng5+ Kg8 25. Nxe6 h6 26. Rac1 Rc8 27. Qf5 Rb8 28. Qd3 Kf7 29. Qf5 Rb7 30. Re3 Re8 31. Rce1 Kg8 32. Ng5 1-0